Statystyki dla Nazwij postacie z serialu "Ranczo"

Kliknij tutaj aby rozwiązać quiz!

Ogólne statystyki

  • Ten quiz został rozwiązany 231 razy
    (61 od ostatniego zresetowania)
  • Średni wynik to 26 z 36

Statystyki odpowiedzi

Odpowiedź% Poprawnych
Kusy
100%
Tadeusz Hadziuk
96%
Wójt
89%
Krystyna Więcławska
87%
Ksiądz Proboszcz
87%
Maciej Solejuk
87%
Kazimiera Solejuk
85%
Patryk Pietrek
85%
Andrzej Więcławski
83%
Arkadiusz Czerepach
83%
Celina Hadziuk
83%
Lucy Wilska
83%
Michałowa
83%
Wioletka
83%
Dorota Wezół
78%
Klaudia Kozioł
78%
Mieczysław Wezół
78%
Staś policjant
74%
Stanisław Japycz
72%
Biskup Sądecki
70%
Fabian Duda
70%
Hot Dog
70%
Halina Kozioł
67%
Ksiądz Robert
65%
Magister
65%
Jan Japycz
63%
Jola
63%
Ksiądz Maciej
63%
Dziennikarka Ola
59%
Francesca
59%
Lodzia Czerepach
59%
Tomasz Witebski
59%
Grzegorz Wargacz
57%
pan chińczyk
57%
Jagna Nowak
54%
Waldemar Myćko
54%

Rozkład punktacji

Percentyl według liczby udzielonych odpowiedzi

Procent ludzi z każdym wynikiem

Twoja historia wyników

Nie rozwiązałeś tego quizu od ostatniego zresetowania